000 00668nam a2200217 a 4500
005 20140310183505.0
008 100810s19uu xx 00 eng d
020 _a9781847875211
050 _aLC 4019.2
_b.D85 2009
100 _aDukes, Chris
245 _aRecognising and planning for special needs in the early years /
_cDukes, Chris
260 _aLos Angeles :
_bSage Publication,
_c2009.
300 _a116 p. :
_bill. ;
_c30 cm.
521 _aEDU
650 _aChildren with disabilities
_xEducation (Preschool).
650 _aCurriculum planning
_xGreat Britain.
700 _aSmith, Maggie
942 _cBK
_2lcc
_kFOR
999 _c24020
_d24020